00323pab a2200133 454500008004000000100002100040245003300061260000900094300000900103362001100112650002800123650001800151773002000169180718b1999 xxu||||| |||| 00| 0 eng d aDandavate, Madhu aNot a constitutional fiction c1999 ap.13 a20 Jul aPolitics and government aConstitutions aHindustan Times